[Event "×åìïèîíàò ÐÒ"]
[Site "ÐšÐ°Ð·Ð°Ð½ÑŒ"]
[Date "2022.12.16"]
[Round "9.6"]
[White "Õðóñòîâ, Âÿ÷åñëàâ."]
[Black "Áàãàóòäèíîâ, Èëüãèç."]
[Result "0-1"]
[WhiteElo "1677"]
[BlackElo "1948"]
[PlyCount "54"]
[EventDate "2022.12.09"]

1. e4 c5 2. Nf3 d6 3. d4 cxd4 4. Nxd4 Nf6 5. Nc3 e6 6. Be3 a6 7. Be2 Be7 8. Qd2
b5 9. Bf3 b4 10. Nce2 d5 11. exd5 Nxd5 12. O-O-O Bb7 13. Kb1 Qc7 14. Nb3 O-O
15. Ng3 Rd8 16. Qe1 Nd7 17. Bd4 a5 18. Ne4 a4 19. Nc1 Rac8 20. Rd2 N7b6 21. Qd1
Nc4 22. Rd3 Nf4 23. Be3 Nxd3 24. Nxd3 Nxe3 25. fxe3 a3 26. Qe2 axb2 27. Kxb2 f5
0-1

[Event "×åìïèîíàò ÐÒ"]
[Site "ÐšÐ°Ð·Ð°Ð½ÑŒ"]
[Date "2022.12.16"]
[Round "9.7"]
[White "Ãîðèí, Àíäðåé."]
[Black "Àõìåòçÿíîâ, Ìóñà."]
[Result "1-0"]
[WhiteElo "1713"]
[BlackElo "1392"]
[PlyCount "81"]
[EventDate "2022.12.09"]

1. d4 e6 2. Nf3 f5 3. Bf4 Nf6 4. e3 d5 5. Nbd2 Bd6 6. Ne5 O-O 7. Bd3 Nbd7 8. c3
Bxe5 9. dxe5 Ne4 10. h4 Ndc5 11. Bc2 b6 12. Nf3 Nb7 13. Nd4 c5 14. Ne2 c4 15.
Nd4 a6 16. f3 Nec5 17. b4 cxb3 18. axb3 Qc7 19. b4 Nd7 20. Nxe6 Qxc3+ 21. Kf2
Re8 22. Bxf5 Nxe5 23. Rc1 Qb2+ 24. Rc2 Qxb4 25. Nxg7 Bxf5 26. Qxd5+ Kxg7 27.
Rc7+ Nd7 28. Qxf5 Nbc5 29. Be5+ Rxe5 30. Qxe5+ Kf7 31. Qd5+ Ke7 32. Rxd7+ Nxd7
33. Qxa8 Qd2+ 34. Kg3 Qd6+ 35. f4 Qg6+ 36. Kh2 Nf6 37. Qb7+ Kf8 38. Rc1 Qg4 39.
Qc8+ Ke7 40. Qxg4 Nxg4+ 41. Kg3 1-0

[Event "×åìïèîíàò ÐÒ"]
[Site "ÐšÐ°Ð·Ð°Ð½ÑŒ"]
[Date "2022.12.16"]
[Round "9.1"]
[White "Íèãìàòóëëèíà, Äèíà."]
[Black "Íóð-Ìóõàìåòîâà, Àëèñà."]
[Result "0-1"]
[WhiteElo "1563"]
[BlackElo "2176"]
[PlyCount "70"]
[EventDate "2022.12.09"]

1. d4 Nf6 2. c4 e6 3. Nf3 d5 4. g3 Bb4+ 5. Bd2 a5 6. Bg2 O-O 7. O-O dxc4 8. Qc2
b5 9. Ne5 Ra7 10. Nc3 Bb7 11. e4 c6 12. a4 Bxc3 13. bxc3 Nbd7 14. Be3 Ra8 15.
Nxd7 Qxd7 16. Bg5 b4 17. cxb4 axb4 18. Bxf6 gxf6 19. Rfd1 Ba6 20. Qe2 Kh8 21.
d5 e5 22. Qh5 Qd6 23. Bh3 Bc8 24. dxc6 Qxc6 25. Qh6 Bxh3 26. Qxh3 Qxe4 27. Rd6
b3 28. Qh6 Qg6 29. Qc1 Rab8 30. Rd2 Rfd8 31. Rxd8+ Rxd8 32. a5 Qc2 33. Qh6 Qf5
34. Qc1 Rc8 35. Ra3 Rb8 0-1

[Event "×åìïèîíàò ÐÒ"]
[Site "ÐšÐ°Ð·Ð°Ð½ÑŒ"]
[Date "2022.12.16"]
[Round "9.2"]
[White "Ìàðêåëîâà, Ëþáîâü."]
[Black "Þññèííèåìè, Êàìèëëà."]
[Result "1-0"]
[WhiteElo "2125"]
[BlackElo "1343"]
[PlyCount "69"]
[EventDate "2022.12.09"]

1. e4 c6 2. d4 d5 3. exd5 cxd5 4. Bd3 Nf6 5. h3 e6 6. Nf3 Nc6 7. c3 Bd6 8. O-O
h6 9. Re1 Qc7 10. Qe2 a6 11. a4 b6 12. Ne5 Bxe5 13. dxe5 Nd7 14. f4 Bb7 15. Nd2
Qd8 16. f5 Ndxe5 17. fxe6 O-O 18. Nf3 Nxf3+ 19. Qxf3 fxe6 20. Qg4 Rf6 21. Bf4
Qe7 22. Bg3 e5 23. Rad1 Qc5+ 24. Kh2 e4 25. Bb1 Bc8 26. Qh5 Bf5 27. Ba2 Ne7 28.
Be5 Bg6 29. Qh4 Rf5 30. b4 Rh5 31. Qxh5 Bxh5 32. bxc5 Bxd1 33. Rxd1 bxc5 34.
Rxd5 Nxd5 35. Bxd5+ 1-0

[Event "×åìïèîíàò ÐÒ"]
[Site "ÐšÐ°Ð·Ð°Ð½ÑŒ"]
[Date "2022.12.16"]
[Round "9.3"]
[White "Ìàëüöåâà, Åëèçàâåòà."]
[Black "Àìèíîâà, Çàðèíà."]
[Result "1-0"]
[WhiteElo "1658"]
[BlackElo "1376"]
[PlyCount "47"]
[EventDate "2022.12.09"]

1. e4 c6 2. d3 d5 3. Nd2 e5 4. g3 Bc5 5. Ngf3 Qf6 6. Bg2 h6 7. Qe2 Nd7 8. exd5
cxd5 9. d4 Bd6 10. Nxe5 Kf8 11. f4 Ne7 12. O-O Nb6 13. a4 a5 14. b3 Bb4 15. Bb2
Qd6 16. c3 Bxc3 17. Bxc3 g6 18. Qb5 Be6 19. Bxa5 Nd7 20. Bb4 Qc7 21. Nxd7+ Bxd7
22. Bxe7+ Kxe7 23. Qb4+ Kd8 24. Bxd5 1-0